| Tag |
First Indicator |
Second Indicator |
Subfields |
| LEADER |
00000cam a2200000 4500 |
| 001 |
in00000239752 |
| 005 |
20151009085008.0 |
| 008 |
710811s1971 nju bs 00100 eng |
| 010 |
|
|
|a 70152862
|
| 020 |
|
|
|a 0131844407
|
| 035 |
|
|
|a (OCoLC)00155417
|
| 035 |
|
|
|9 ABA1565AM
|
| 040 |
|
|
|a DLC
|c DLC
|d TXA
|d UtOrBLW
|
| 043 |
|
|
|a n-us---
|
| 049 |
|
|
|a TXAM
|c [643386]
|
| 050 |
0 |
0 |
|a HD5715.2
|b .C64
|
| 082 |
0 |
|
|a 370.11/3
|
| 245 |
0 |
4 |
|a The Courage to change ;
|b new directions for career education /
|c Edited by Roman C. Pucinski and Sharlene Pearlman Hirsch.
|
| 264 |
|
1 |
|a Englewood Cliffs, N.J. :
|b Prentice-Hall,
|c [1971]
|
| 300 |
|
|
|a x, 207 pages ;
|c 24 cm.
|
| 336 |
|
|
|a text
|b txt
|2 rdacontent
|
| 337 |
|
|
|a unmediated
|b n
|2 rdamedia
|
| 338 |
|
|
|a volume
|b nc
|2 rdacarrier
|
| 504 |
|
|
|a Includes bibliographical references.
|
| 650 |
|
0 |
|a Occupational training
|z United States.
|
| 650 |
|
0 |
|a Vocational education
|z United States.
|
| 700 |
1 |
|
|a Pucinski, Roman C.,
|d 1919-2002.
|
| 700 |
1 |
|
|a Hirsch, Sharlene Pearlman.
|
| 999 |
|
|
|a MARS
|
| 999 |
f |
f |
|s 3ed9f4d2-befd-3557-b905-251dac792e5e
|i 5502360f-a40a-3d38-a67e-8d21ed848b24
|t 0
|
| 952 |
f |
f |
|p ric
|a Texas A&M University
|b Rellis Campus
|c Joint Library Facility
|d Remote Storage
|t 0
|e HD5715.2 .C64
|h Library of Congress classification
|i unmediated -- volume
|m A14802681689
|
| 998 |
f |
f |
|a HD5715.2 .C64
|t 0
|l Remote Storage
|